| 000 | 01000nam a2200229 i 4500 | ||
|---|---|---|---|
| 001 | 26433 | ||
| 003 | ES-MaACL | ||
| 005 | 20230906153437.0 | ||
| 007 | t| | ||
| 008 | 030109m19121916sp ||||1| spa d | ||
| 100 | 1 |
_aAstrain, Antonio. _923690 |
|
| 245 | 1 | 0 |
_aHistoria de la compañia de Jesús en la asistencia de España / _cAntonio Astrain. |
| 260 |
_aMadrid : _b[s.n., _c1912-1916] ( _fEst. tip. Sucesores de Rivadeneyra) |
||
| 300 |
_a5 v. ; _c24 cm. |
||
| 505 | 8 | _aContiene: T.I: San Ignacio de Loyola : 1540-1556. -- T.II: Lainez-Boya : 1556-1572. -- T.III: Mercuriam-Aquaviva (1ª parte) : 1573-1615. -- T.IV: Aquaviva (2ª parte) : 1581-1615. -- T.V: Vitelleschi, Garafa, Piccolomini : 1615-1652 | |
| 740 | 0 | _aSan Ignacio de Loyola : 1540-1556. | |
| 740 | 0 | _aLainez-Boya : 1556-1572. | |
| 740 | 0 | _aMercuriam-Aquaviva (1ª parte) : 1573-1615. | |
| 740 | 0 | _aAquaviva (2ª parte) : 1581-1615. | |
| 740 | 0 | _aVitelleschi, Garafa, Piccolomini : 1615-1652. | |
| 852 |
_aES-MaACL _jF-4583-88 |
||
| 999 |
_c26433 _d26433 |
||